Črtá sa koniec lacných peňazí
Dostupnosť peňazí pre podniky by sa v najbližších mesiacoch nemala znižovať. Štruktúra dlhov slovenských firiem. Medzipodnikové úvery od slovenských entít. Úvery a pôžičky zo zahraničia. Dlhopisy emitované na Slovensku.
Uložené v:
| Hlavný autor: | |
|---|---|
| Médium: | Kapitola |
| Jazyk: | Slovak |
| Predmet: | |
| Tagy: |
Žiadne tagy, Buďte prvý, kto otaguje tento záznam!
|
MARC
| LEADER | 00000naa a2200000 4500 | ||
|---|---|---|---|
| 001 | 0241975 | ||
| 005 | 20221104112309.3 | ||
| 041 | 0 | |a slo | |
| 044 | |a SK | ||
| 245 | 1 | 0 | |a Črtá sa koniec lacných peňazí |c Martin Jesný |
| 520 | |a Dostupnosť peňazí pre podniky by sa v najbližších mesiacoch nemala znižovať. Štruktúra dlhov slovenských firiem. Medzipodnikové úvery od slovenských entít. Úvery a pôžičky zo zahraničia. Dlhopisy emitované na Slovensku. | ||
| 610 | 2 | 0 | |a financovanie podnikov |
| 610 | 2 | 0 | |a Slovensko |
| 610 | 2 | 0 | |a dlhy |
| 610 | 2 | 0 | |a úver |
| 610 | 2 | 0 | |a dlhopisy |
| 610 | 2 | 0 | |a inovácia |
| 100 | 1 | |a Jesný, Martin | |